[Event "Saint-Lô Open Yves Coquereau"]
[Site "?"]
[Date "2014.07.10"]
[Round "6.5"]
[White "Bizovi, Mihai"]
[Black "Macon, Arthur"]
[Result "1-0"]
[WhiteElo "2157"]
[BlackElo "2154"]
[PlyCount "107"]
[EventDate "2014.07.05"]
[SourceDate "2014.07.06"]

1. d4 Nf6 2. c4 e6 3. Nc3 Bb4 4. e3 O-O 5. Nge2 d5 6. a3 Bd6 7. Ng3 Nbd7 8.
cxd5 Nxd5 9. Bd3 c5 10. Nxd5 exd5 11. Nf5 Nf6 12. Nxd6 Qxd6 13. dxc5 Qxc5 14.
Bd2 Bg4 15. Qa4 d4 16. Bb4 Qd5 17. Bxf8 dxe3 18. O-O Qxd3 19. Bc5 e2 20. Rfe1
Bd7 21. Qd4 Bb5 22. a4 Rd8 23. Qxd3 Bxd3 24. Rac1 Nd5 25. Bxa7 Nb4 26. f3 Re8
27. Rc7 Nc2 28. Rxe2 Bxe2 29. Rxc2 Bd1 30. Rc7 Bxa4 31. Rxb7 h6 32. Kf2 Re6 33.
b3 Bc6 34. Rb8+ Kh7 35. b4 Re5 36. Bd4 Rb5 37. Rxb5 Bxb5 38. Ke3 Kg6 39. Ke4
Bf1 40. g3 f6 41. Kd5 Bg2 42. Ke6 Bxf3 43. b5 Kg5 44. Kf7 g6 45. Bxf6+ Kf5 46.
b6 Bd5+ 47. Ke7 Be4 48. Bg7 Kg5 49. Kd7 h5 50. h4+ Kg4 51. Be5 g5 52. Bf6 Kxg3
53. Bxg5 Kf3 54. Kc7 1-0

[Event "Saint-Lô Open Yves Coquereau"]
[Site "?"]
[Date "2014.07.10"]
[Round "6.6"]
[White "Vavric, Pavel"]
[Black "Chaplain, Fabrice"]
[Result "1-0"]
[WhiteElo "2235"]
[BlackElo "2088"]
[PlyCount "61"]
[EventDate "2014.07.05"]
[SourceDate "2014.07.06"]

1. e4 c5 2. Nf3 Nc6 3. Bb5 g6 4. Bxc6 dxc6 5. d3 Bg7 6. h3 Nf6 7. Nc3 Nd7 8.
Be3 b6 9. Qd2 e5 10. Bh6 O-O 11. O-O Qe7 12. Bxg7 Kxg7 13. Nh2 Re8 14. Ng4 Nf8
15. Nh2 Ne6 16. Ne2 Nd4 17. f4 Nxe2+ 18. Qxe2 exf4 19. Rxf4 Qe5 20. Raf1 f6 21.
Rxf6 Qxf6 22. Rxf6 Kxf6 23. Qf2+ Kg7 24. Qf4 Re7 25. Qd6 Rf7 26. Nf3 Rf6 27.
Qe7+ Rf7 28. Qe5+ Kh6 29. Ng5 Rf8 30. Qe7 Ba6 31. Ne6 1-0

[Event "Saint-Lô Open Yves Coquereau"]
[Site "?"]
[Date "2014.07.10"]
[Round "6.7"]
[White "Monpeurt, Cyrielle"]
[Black "Gagarin, Vasilij"]
[Result "0-1"]
[WhiteElo "2045"]
[BlackElo "2313"]
[PlyCount "134"]
[EventDate "2014.07.05"]
[SourceDate "2014.07.06"]

1. e4 c5 2. Nf3 e6 3. d4 cxd4 4. Nxd4 Nc6 5. Nc3 d6 6. Be3 Nf6 7. f3 Be7 8. Qd2
O-O 9. O-O-O a6 10. g4 Nxd4 11. Bxd4 b5 12. Kb1 Bb7 13. h4 Nd7 14. g5 b4 15.
Ne2 a5 16. Bh3 Ne5 17. Qf4 Nc4 18. Qg3 e5 19. Bf2 a4 20. g6 hxg6 21. h5 g5 22.
Bf5 Qa5 23. f4 exf4 24. Nxf4 Qe5 25. Nd3 Qxg3 26. Bxg3 Ne3 27. Nxb4 Nxf5 28.
exf5 Bxh1 29. Rxh1 Bf6 30. Nd5 Rfb8 31. c3 Ra5 32. Bxd6 Rbb5 33. Nxf6+ gxf6 34.
Bb4 Ra8 35. Rf1 Re8 36. Kc2 Re2+ 37. Kd3 Rxb2 38. a3 Rd5+ 39. Kc4 Rdd2 40. Kb5
Rf2 41. Rd1 Rxf5+ 42. Kxa4 g4 43. Rg1 Rg5 44. Be7 Kg7 45. Rf1 Rb6 46. c4 Re6
47. h6+ Kxh6 48. Bxf6 Rh5 49. Kb4 Kg6 50. Bd4 f5 51. c5 Re4 52. Kc4 Rh3 53. Ra1
g3 54. Kd5 g2 55. Bg1 Rd3+ 56. Kc6 Ra4 57. Ra2 Rg3 58. Kd7 Raxa3 59. Rxa3 Rxa3
60. c6 Rd3+ 61. Ke7 Rc3 62. Kd7 f4 63. c7 f3 64. c8=Q Rxc8 65. Kxc8 Kf5 66. Kd7
Ke4 67. Ke6 Kd3 0-1

[Event "Saint-Lô Open Yves Coquereau"]
[Site "?"]
[Date "2014.07.10"]
[Round "6.8"]
[White "Leconte, Maria"]
[Black "Martinet, Regis"]
[Result "1-0"]
[WhiteElo "2221"]
[BlackElo "2076"]
[PlyCount "77"]
[EventDate "2014.07.05"]
[SourceDate "2014.07.06"]

1. d4 Nf6 2. Nf3 g6 3. Nbd2 Bg7 4. e4 d6 5. c3 c6 6. Bd3 Nbd7 7. O-O e5 8. a4
O-O 9. Re1 Re8 10. a5 Qc7 11. Bf1 Nf8 12. dxe5 dxe5 13. Nc4 Nh5 14. h3 Ne6 15.
g3 f6 16. Be3 Bf8 17. b4 Bd7 18. Ra2 Nd8 19. Nb6 Be6 20. Nxa8 Qc8 21. Rd2 Qxa8
22. Kh2 Nf7 23. g4 Ng7 24. b5 c5 25. Qa4 Qc8 26. Bc4 f5 27. exf5 gxf5 28. gxf5
Nxf5 29. Rg1+ Kh8 30. Ng5 Nxg5 31. Bxg5 Bg7 32. Bxe6 Qxe6 33. Qe4 Nd6 34. Qd5
Qxd5 35. Rxd5 Ne4 36. Rd7 Rg8 37. Rxb7 Nxc3 38. Rxg7 Kxg7 39. Bd2+ 1-0

[Event "Saint-Lô Open Yves Coquereau"]
[Site "?"]
[Date "2014.07.10"]
[Round "6.9"]
[White "Zamar Kodelja, Jurij"]
[Black "Smith, Matthieu"]
[Result "1-0"]
[WhiteElo "1963"]
[BlackElo "2159"]
[PlyCount "75"]
[EventDate "2014.07.05"]
[SourceDate "2014.07.06"]

1. e4 d6 2. d4 Nf6 3. Nc3 e5 4. Nf3 Nbd7 5. g4 Nxg4 6. Rg1 exd4 7. Nxd4 Nde5 8.
h3 Nf6 9. f4 Ng6 10. Be3 a6 11. Qd2 c5 12. Nf3 Qc7 13. O-O-O Bd7 14. Bc4 b5 15.
Bd5 Nxd5 16. Nxd5 Qc6 17. Qa5 Rc8 18. f5 Ne7 19. f6 Ng6 20. h4 h5 21. Rxg6 fxg6
22. Ng5 Bg4 23. f7+ Kd7 24. Nb6+ Kc7 25. Nxc8+ Kxc8 26. Rd5 Be7 27. Qc3 Bf6 28.
Qd2 Kc7 29. Bf4 Bxg5 30. hxg5 Kb7 31. Bxd6 Be6 32. Rxc5 Qxe4 33. Rc7+ Ka8 34.
f8=Q+ Rxf8 35. Bxf8 Bd5 36. Qf2 Bb7 37. Re7 Qh1+ 38. Re1 1-0

[Event "Saint-Lô Open Yves Coquereau"]
[Site "?"]
[Date "2014.07.10"]
[Round "6.10"]
[White "Ronce, Nathan"]
[Black "Kassani, Sam"]
[Result "1-0"]
[WhiteElo "2008"]
[BlackElo "2112"]
[PlyCount "109"]
[EventDate "2014.07.05"]
[SourceDate "2014.07.06"]

1. c4 g6 2. Nc3 Bg7 3. Nf3 e5 4. d4 exd4 5. Nxd4 Nc6 6. Nc2 Nf6 7. g3 O-O 8.
Bg2 d6 9. O-O Be6 10. Ne3 Rb8 11. Rb1 Nd7 12. Ncd5 Nb6 13. b3 Ne5 14. Bb2 c6
15. Nf4 Bc8 16. Qd2 Be6 17. Rfd1 Nc8 18. Ba3 Bd7 19. Bxd6 Nxd6 20. Qxd6 Qa5 21.
Qd2 Qc7 22. Qd6 Qa5 23. Qd2 Qb6 24. Qc2 Rbe8 25. Rd2 Bc8 26. Rbd1 f5 27. h4 Qc7
28. c5 Qf7 29. Rd6 h6 30. Nh3 Kh8 31. f4 Nd7 32. R1d3 Nf6 33. Nf2 Qe7 34. Kf1
Nh5 35. Nc4 g5 36. hxg5 hxg5 37. Qd2 gxf4 38. gxf4 Kg8 39. Rh3 Nf6 40. Ne5 Ne4
41. Nxe4 fxe4 42. Ng6 Qf7 43. Rg3 e3 44. Qb4 Bf5 45. Nxf8 Kxf8 46. Bf3 Bh7 47.
Kg2 Qe7 48. Qc4 Bf5 49. Rg5 Bh7 50. Rh5 Bb2 51. b4 Bf6 52. Rxh7 Qxh7 53. Rxf6+
Ke7 54. Qe6+ Kd8 55. Qd6+ 1-0

[Event "Saint-Lô Open Yves Coquereau"]
[Site "?"]
[Date "2014.07.11"]
[Round "7.1"]
[White "Sieciechowicz, Marcin"]
[Black "Miron, Lucian-Costin"]
[Result "1/2-1/2"]
[WhiteElo "2438"]
[BlackElo "2509"]
[PlyCount "48"]
[EventDate "2014.07.05"]
[SourceDate "2014.07.06"]

1. d4 Nf6 2. c4 g6 3. Nc3 Bg7 4. e4 d6 5. Nf3 O-O 6. Be2 e5 7. O-O Nc6 8. d5
Ne7 9. b4 a5 10. Ba3 axb4 11. Bxb4 b6 12. a4 Re8 13. Nd2 c5 14. Ba3 Rf8 15. Nb5
Ne8 16. Bb2 Bh6 17. Nb3 f5 18. f3 Be3+ 19. Kh1 Bd7 20. Qd3 f4 21. Bc3 Nc8 22.
Bd2 Bxd2 23. Qxd2 Qh4 24. a5 bxa5 1/2-1/2

[Event "Saint-Lô Open Yves Coquereau"]
[Site "?"]
[Date "2014.07.11"]
[Round "7.2"]
[White "Bakalerz, Mietek"]
[Black "Tsyhanchuk, Stanislav"]
[Result "1-0"]
[WhiteElo "2329"]
[BlackElo "2382"]
[PlyCount "137"]
[EventDate "2014.07.05"]
[SourceDate "2014.07.06"]

1. e4 Nf6 2. e5 Nd5 3. d4 d6 4. Nf3 dxe5 5. dxe5 Bg4 6. h3 Bh5 7. e6 fxe6 8.
Be2 Nc6 9. Na3 Bxf3 10. Bxf3 Ne5 11. O-O g6 12. c4 Nb6 13. Bxb7 Qxd1 14. Rxd1
Rb8 15. Ba6 Bg7 16. f4 Nf7 17. Nb5 Na8 18. Be3 O-O 19. Bxa7 Rbd8 20. Bd4 Bh6
21. g3 e5 22. Be3 exf4 23. Bxf4 Bxf4 24. gxf4 Nd6 25. Nd4 Rf6 26. c5 Nf7 27.
Bb7 Rb8 28. Bd5 Kh8 29. Ne6 Nd8 30. Nxd8 Rxd8 31. Bg2 Rb8 32. Rd4 Ra6 33. Rad1
Rxb2 34. Rd8+ Kg7 35. Bxa8 Ra3 36. Bg2 Raxa2 37. Bf1 Rc2 38. R8d7 Rxc5 39.
Rxe7+ Kf6 40. Rxh7 Kf5 41. Rf7+ Ke4 42. Bg2+ Ke3 43. Re1+ Kd2 44. Rfe7 Ra3 45.
R7e2+ Kd3 46. Kf2 Raa5 47. Be4+ Kd4 48. Rd1+ Kc3 49. Bxg6 Rc4 50. Rc2+ Kb4 51.
Rxc4+ Kxc4 52. Rc1+ Kd5 53. Rxc7 Ke6 54. Kg3 Kf6 55. Rc6+ Kg7 56. Kg4 Ra1 57.
Kg5 Rg1+ 58. Kf5 Kh6 59. Rc8 Ra1 60. Rh8+ Kg7 61. Rh7+ Kg8 62. Rb7 Ra5+ 63. Kg4
Ra8 64. Kg5 Ra3 65. h4 Ra8 66. f5 Rd8 67. Kh6 Rf8 68. Rg7+ Kh8 69. Bf7 1-0

[Event "Saint-Lô Open Yves Coquereau"]
[Site "?"]
[Date "2014.07.11"]
[Round "7.3"]
[White "Gagarin, Vasilij"]
[Black "Bizovi, Mihaï"]
[Result "0-1"]
[WhiteElo "2312"]
[BlackElo "2157"]
[PlyCount "94"]
[EventDate "2014.07.05"]
[SourceDate "2014.07.06"]

1. Nf3 e6 2. g3 f5 3. Bg2 Nf6 4. O-O d5 5. d3 c6 6. Nc3 Bc5 7. e4 dxe4 8. dxe4
Qxd1 9. Rxd1 fxe4 10. Ng5 e3 11. Bxe3 Bxe3 12. fxe3 Ke7 13. e4 e5 14. Nf3 Bg4
15. h3 Bxf3 16. Bxf3 Nbd7 17. Kf2 Rhd8 18. Ke3 Nc5 19. Rxd8 Rxd8 20. Rd1 Rxd1
21. Nxd1 a5 22. Nf2 Kd6 23. Nd3 Nxd3 24. Kxd3 Kc5 25. c3 b5 26. Ke3 b4 27. Kd3
Ne8 28. Bd1 Nd6 29. Bb3 h6 30. Be6 Kb5 31. Bd7 bxc3 32. bxc3 Nb7 33. Be8 Nc5+
34. Ke3 Kc4 35. Bxc6 Kxc3 36. Bd5 a4 37. h4 a3 38. h5 Nd3 39. Bf7 Nb4 40. Bd5
Nc2+ 41. Kf3 Kd4 42. Bf7 Ne3 43. Bg6 Nf1 44. Ke2 Nxg3+ 45. Kf3 Nf1 46. Ke2 Ne3
47. Kf3 Nd1 0-1

[Event "Saint-Lô Open Yves Coquereau"]
[Site "?"]
[Date "2014.07.11"]
[Round "7.4"]
[White "Poley, Vladimir"]
[Black "Leconte, Maria"]
[Result "1/2-1/2"]
[WhiteElo "2279"]
[BlackElo "2221"]
[PlyCount "50"]
[EventDate "2014.07.05"]
[SourceDate "2014.07.06"]

1. Nf3 d5 2. b3 c5 3. e4 e6 4. Bb5+ Bd7 5. Bxd7+ Qxd7 6. exd5 Qxd5 7. Nc3 Qd8
8. Bb2 Nc6 9. O-O Nf6 10. Re1 Be7 11. Ne5 Nd4 12. Ne2 Nf5 13. d4 O-O 14. c4
cxd4 15. Nxd4 Nxd4 16. Bxd4 Qc7 17. Qf3 Rfd8 18. Bc3 Bf8 19. h4 h5 20. Rac1 Bc5
21. Rcd1 Rxd1 22. Rxd1 Rd8 23. Rxd8+ Qxd8 24. g3 Bd4 25. Bxd4 Qxd4 1/2-1/2

[Event "Saint-Lô Open Yves Coquereau"]
[Site "?"]
[Date "2014.07.11"]
[Round "7.5"]
[White "Zarubitski, Viacheslau"]
[Black "Vavric, Pavel"]
[Result "0-1"]
[WhiteElo "1981"]
[BlackElo "2235"]
[PlyCount "104"]
[EventDate "2014.07.05"]
[SourceDate "2014.07.06"]

1. Nf3 g6 2. c4 Bg7 3. g3 c5 4. Bg2 Nc6 5. Nc3 d6 6. O-O Bf5 7. d3 Qd7 8. Re1
Bh3 9. Bh1 h6 10. Rb1 e6 11. a3 Nge7 12. Bd2 Rd8 13. b4 b6 14. Qc1 g5 15. b5
Nb8 16. e4 Ng6 17. Ne2 Bg4 18. Bc3 e5 19. Nd2 O-O 20. Bg2 Bh3 21. f3 Bxg2 22.
Kxg2 f5 23. Rf1 g4 24. Qc2 f4 25. Ng1 h5 26. Qd1 Qe6 27. fxg4 hxg4 28. h3 f3+
29. Kf2 gxh3 30. Ngxf3 Bh6 31. Kg1 Nd7 32. Nh2 Nf6 33. Qe2 Rd7 34. Rf5 Rg7 35.
Kh1 Ne7 36. Rf3 Kh7 37. Rbf1 Nh5 38. Rg1 Rfg8 39. Ndf1 Ng6 40. Bd2 Bxd2 41.
Qxd2 Nh4 42. Re3 Ng2 43. Rxg2 hxg2+ 44. Qxg2 Rf8 45. g4 Nf4 46. Qf2 Rh8 47. Ng3
Kg8 48. g5 Rxg5 49. Nf5 Kf8 50. Rg3 Qg6 51. Rxg5 Qxg5 52. Nxd6 Qg4 0-1

[Event "Saint-Lô Open Yves Coquereau"]
[Site "?"]
[Date "2014.07.11"]
[Round "7.6"]
[White "Bourdonnais, Loïc"]
[Black "Ronce, Nathan"]
[Result "1/2-1/2"]
[WhiteElo "2222"]
[BlackElo "2008"]
[PlyCount "115"]
[EventDate "2014.07.05"]
[SourceDate "2014.07.06"]

1. c4 e5 2. g3 Nf6 3. Bg2 d5 4. cxd5 Nxd5 5. Nc3 Nb6 6. Nf3 Nc6 7. O-O Be7 8.
a3 O-O 9. b4 Be6 10. d3 f6 11. Bb2 a5 12. b5 Nd4 13. Nxd4 exd4 14. Na4 Bd5 15.
Nxb6 cxb6 16. Qa4 Bxg2 17. Kxg2 Qd5+ 18. Kg1 Bc5 19. Rac1 Rad8 20. Qc4 Rfe8 21.
Rfe1 Kh8 22. Qxd5 Rxd5 23. Rc4 f5 24. h3 Kg8 25. Kf1 Kf7 26. a4 Re6 27. e4 dxe3
28. d4 Bd6 29. Rxe3 Rxe3 30. fxe3 Bxg3 31. Rc8 Rd7 32. Kg2 Bh4 33. Kf3 Bf6 34.
Rc4 g6 35. e4 fxe4+ 36. Kxe4 Re7+ 37. Kf3 Rd7 38. Ke4 Re7+ 39. Kd3 Rd7 40. Bc1
g5 41. Be3 Kg6 42. Rc8 Kh5 43. Re8 Kh4 44. Rf8 Bd8 45. Rf3 Bc7 46. Bf2+ Kh5 47.
Ke4 Kg6 48. Rd3 Re7+ 49. Kd5 Bf4 50. Bg3 Rd7+ 51. Ke4 Re7+ 52. Kd5 Rd7+ 53. Kc4
Kf5 54. d5 Ke4 55. Rd4+ Ke3 56. Rd3+ Ke4 57. Rd4+ Ke3 58. Rd3+ 1/2-1/2

[Event "Saint-Lô Open Yves Coquereau"]
[Site "?"]
[Date "2014.07.11"]
[Round "7.7"]
[White "Macon, Arthur"]
[Black "Zamar Kodelja, Jurij"]
[Result "1-0"]
[WhiteElo "2154"]
[BlackElo "1963"]
[PlyCount "65"]
[EventDate "2014.07.05"]
[SourceDate "2014.07.06"]

1. d4 d6 2. Nf3 Nf6 3. g3 g6 4. c4 Bg7 5. Bg2 O-O 6. O-O Nc6 7. Nc3 Rb8 8. b3
a6 9. Nd5 b5 10. Nxf6+ exf6 11. cxb5 axb5 12. Bb2 f5 13. Qd2 Ne7 14. Rfc1 c6
15. Ne1 Bb7 16. Nd3 Qb6 17. e3 Rfd8 18. Bc3 Ra8 19. a4 bxa4 20. bxa4 Qa7 21.
Rab1 Ba6 22. Nb4 Rac8 23. Nxa6 Qxa6 24. a5 Rb8 25. Rxb8 Rxb8 26. Bb4 Rd8 27.
Qa2 Bh6 28. Qc4 Qa7 29. Qd3 Qb8 30. Qa3 Nd5 31. Bxd5 cxd5 32. a6 Rd7 33. Ra1
1-0

[Event "Saint-Lô Open Yves Coquereau"]
[Site "?"]
[Date "2014.07.11"]
[Round "7.8"]
[White "Ledoux, Jean Luc"]
[Black "Nuta, Dan"]
[Result "1-0"]
[WhiteElo "2047"]
[BlackElo "2150"]
[PlyCount "125"]
[EventDate "2014.07.05"]
[SourceDate "2014.07.06"]

1. d4 Nf6 2. c4 g6 3. Nc3 d5 4. cxd5 Nxd5 5. e4 Nxc3 6. bxc3 Bg7 7. Nf3 O-O 8.
Be2 c5 9. Rb1 Nc6 10. d5 Bxc3+ 11. Bd2 Bxd2+ 12. Qxd2 Nd4 13. Nxd4 cxd4 14.
Qxd4 Qa5+ 15. Qd2 Qxd2+ 16. Kxd2 Rd8 17. Ke3 b6 18. Rhd1 e6 19. Bc4 Bd7 20.
Rbc1 e5 21. Ba6 Bc8 22. Bd3 Rd6 23. Rc7 Bd7 24. Rdc1 Kf8 25. g3 Ke8 26. Rb7 Kd8
27. a4 a6 28. Rb1 b5 29. axb5 axb5 30. Bxb5 Ra3+ 31. Bd3 f5 32. R1b3 Rxb3 33.
Rxb3 Ke7 34. Rb7 Kf6 35. Bb5 Bxb5 36. Rxb5 Ra6 37. Rb3 fxe4 38. Kxe4 Ra4+ 39.
Ke3 Rd4 40. Rd3 Ra4 41. d6 Ra8 42. d7 Rd8 43. Ke4 Ke6 44. Rd5 Rxd7 45. Rxd7
Kxd7 46. Kxe5 Ke7 47. f4 Kf7 48. g4 Ke7 49. g5 Kf7 50. Kd6 Kf8 51. Ke6 Ke8 52.
Kf6 Kf8 53. h4 Kg8 54. h5 gxh5 55. Ke7 h4 56. f5 Kg7 57. f6+ Kg6 58. f7 Kxg5
59. f8=Q Kg4 60. Qf1 h3 61. Qg1+ Kh4 62. Kf6 h6 63. Kf5 1-0

[Event "Saint-Lô Open Yves Coquereau"]
[Site "?"]
[Date "2014.07.11"]
[Round "7.9"]
[White "Chaplain, Fabrice"]
[Black "Wolak, Jacek"]
[Result "1-0"]
[WhiteElo "2008"]
[BlackElo "2001"]
[PlyCount "93"]
[EventDate "2014.07.05"]
[SourceDate "2014.07.06"]

1. c4 Nf6 2. g3 g6 3. Bg2 Bg7 4. Nc3 O-O 5. Nf3 d6 6. O-O e5 7. d3 Nc6 8. Rb1
h6 9. b4 Nh5 10. b5 Ne7 11. Qc2 Be6 12. Nd2 Qc8 13. Re1 Bh3 14. Bh1 f5 15. a4
f4 16. Nde4 Nf5 17. Nd5 c6 18. bxc6 bxc6 19. Nxd6 Qd7 20. Nxf5 gxf5 21. Nb4
fxg3 22. hxg3 f4 23. Bxc6 fxg3 24. f3 Qd4+ 25. e3 Qh4 26. Bxa8 Rxa8 27. c5 Be6
28. Qg2 Bh3 29. Qa2+ Kh8 30. Ba3 Be6 31. Qg2 Bh3 32. Qe2 Rf8 33. Nd5 Be6 34.
Rb4 Qh2+ 35. Qxh2 gxh2+ 36. Kxh2 Bxd5 37. Rh4 Nf6 38. e4 Be6 39. Bb2 Rb8 40.
Bxe5 Ng4+ 41. Rxg4 Bxe5+ 42. f4 Rb2+ 43. Kg3 Bd4 44. Rh1 Kh7 45. f5 Rd2 46. Rg6
Rxd3+ 47. Kg4 1-0

[Event "Saint-Lô Open Yves Coquereau"]
[Site "?"]
[Date "2014.07.11"]
[Round "7.10"]
[White "Fruchard, Cyrille"]
[Black "Marimoutou, Loïc"]
[Result "1/2-1/2"]
[WhiteElo "2006"]
[BlackElo "2081"]
[PlyCount "102"]
[EventDate "2014.07.05"]
[SourceDate "2014.07.06"]

1. d4 Nf6 2. c4 d6 3. Nc3 e5 4. dxe5 dxe5 5. Qxd8+ Kxd8 6. Bg5 c6 7. e3 Be6 8.
Nf3 Nbd7 9. Be2 Bb4 10. Rc1 Kc7 11. O-O Bxc3 12. Rxc3 Ne4 13. Rcc1 f6 14. Bh4
g5 15. Bg3 h5 16. h4 g4 17. Nh2 Rad8 18. Rfd1 Nxg3 19. fxg3 Nc5 20. Nf1 Bf5 21.
Nd2 a5 22. Nb1 Rxd1+ 23. Rxd1 Ne4 24. Nc3 Nxg3 25. Kf2 Ne4+ 26. Nxe4 Bxe4 27.
c5 Bd5 28. a3 f5 29. g3 Rf8 30. Rd2 Kd7 31. Rc2 Ke6 32. Rd2 f4 33. Rd1 Rf6 34.
Rd2 Ke7 35. Rc2 fxg3+ 36. Kxg3 Rf8 37. Rd2 Kf6 38. Rd1 Kf7 39. Rd2 a4 40. Rc2
Kf6 41. Rd2 Ra8 42. Rc2 Ra5 43. Bd3 e4 44. Be2 Bb3 45. Rc1 Ke5 46. Rc3 Ra8 47.
Rc1 Rd8 48. Bc4 Rd2 49. Bxb3 axb3 50. a4 Rxb2 51. a5 Re2 1/2-1/2

[Event "Saint-Lô Open Yves Coquereau"]
[Site "?"]
[Date "2014.07.12"]
[Round "8.1"]
[White "Miron, Lucian-Costin"]
[Black "Bakalerz, Mietek"]
[Result "1-0"]
[WhiteElo "2509"]
[BlackElo "2329"]
[PlyCount "153"]
[SourceDate "2014.07.06"]

1. d4 d5 2. c4 c6 3. Nf3 Nf6 4. Nbd2 Bf5 5. Nh4 Be6 6. e3 g6 7. Bd3 Bg7 8. O-O
O-O 9. Qe2 c5 10. dxc5 Nbd7 11. Nb3 dxc4 12. Bxc4 Bxc4 13. Qxc4 Ne5 14. Qb5 Qd7
15. Qxd7 Nfxd7 16. e4 Nd3 17. Bg5 Rfe8 18. Be3 Rec8 19. c6 Rxc6 20. Rad1 Rd6
21. Na5 $11 Nxb2 22. Rxd6 exd6 23. Nxb7 Nc4 24. Rb1 Nxe3 25. fxe3 Rb8 26. Rb3
Bf8 27. Nf3 Nb6 28. Na5 Rc8 29. Nd4 Rc1+ 30. Kf2 Ra1 31. Rb2 Na4 32. Rc2 Nc5
33. Nab3 Rh1 34. Nxc5 dxc5 35. Nb3 Rxh2 36. Nxc5 Rh5 37. Nd7 Kg7 38. e5 Rh4 39.
Nxf8 Kxf8 40. Rc8+ Kg7 41. Rc7 Ra4 42. e6 Rxa2+ 43. Kf3 Ra6 44. Rxf7+ Kg8 45.
Re7 h6 46. Ke4 Kf8 47. Rf7+ Ke8 48. Ke5 Ra5+ 49. Kf6 Rf5+ 50. Kxg6 Rg5+ 51. Kf6
Rxg2 52. Re7+ Kf8 53. Rxa7 Rf2+ 54. Ke5 Ke8 55. Ra8+ Ke7 56. Rh8 Rh2 57. Rh7+
Ke8 58. e4 Rh1 59. e7 Kd7 60. e8=Q+ Kxe8 61. Kf6 Rf1+ 62. Ke6 Kf8 63. Rxh6 Ra1
64. Rh8+ Kg7 65. Rd8 Ra6+ 66. Ke7 Ra5 67. Rd5 Ra7+ 68. Rd7 Ra5 69. Ke6+ Kf8 70.
Rd8+ Kg7 71. e5 Ra1 72. Ke7 Ra6 73. Rd7 Ra8 74. Rd8 Ra7+ 75. Ke8 Kg6 76. Rd6+
Kf5 77. e6 1-0

[Event "Saint-Lô Open Yves Coquereau"]
[Site "?"]
[Date "2014.07.12"]
[Round "8.2"]
[White "Bizovi, Mihaï"]
[Black "Sieciechowicz, Marcin"]
[Result "0-1"]
[WhiteElo "2157"]
[BlackElo "2438"]
[PlyCount "100"]
[EventDate "2014.07.05"]
[SourceDate "2014.07.06"]

1. d4 Nf6 2. c4 g6 3. Nc3 d5 4. cxd5 Nxd5 5. e4 Nxc3 6. bxc3 Bg7 7. Nf3 c5 8.
Be3 Bg4 9. Rc1 Qa5 10. Qd2 O-O 11. d5 Bxf3 12. gxf3 c4 13. h4 h5 14. f4 Nd7 15.
Bd4 Nf6 16. f3 Qc7 17. Be5 Qc5 18. Bd4 Qc7 19. Be5 Qc5 20. Bd4 Qb5 21. Bh3 Kh7
22. f5 Rad8 23. fxg6+ fxg6 24. Rg1 Bh6 25. Qg2 Rg8 26. Rd1 Bf4 27. Be6 Rg7 28.
Bf7 Kh8 29. e5 Nxd5 30. e6 Nf6 31. Qe2 Qf5 32. Rxg6 Rxd4 33. Rxd4 Rxg6 34. Bxg6
Qxg6 35. Rxc4 Qg1+ 36. Qf1 Qh2 37. Qd3 Qxh4+ 38. Kd1 Qh1+ 39. Kc2 Qc1+ 40. Kb3
Bd6 41. Ra4 a6 42. f4 Qh1 43. Rc4 Qd5 44. Qxd5 Nxd5 45. Rd4 Nf6 46. Ka4 Kg7 47.
f5 Kh6 48. Ka5 Bc7+ 49. Kb4 Kg5 50. Rd1 h4 0-1

[Event "Saint-Lô Open Yves Coquereau"]
[Site "?"]
[Date "2014.07.12"]
[Round "8.3"]
[White "Vavric, Pavel"]
[Black "Poley, Vladimir"]
[Result "0-1"]
[WhiteElo "2235"]
[BlackElo "2279"]
[PlyCount "108"]
[EventDate "2014.07.05"]
[SourceDate "2014.07.06"]

1. e4 g6 2. d4 Bg7 3. Nc3 c6 4. Nf3 d5 5. h3 dxe4 6. Nxe4 Nd7 7. Bd3 Ngf6 8.
O-O Nxe4 9. Bxe4 Nf6 10. Bd3 O-O 11. c3 b6 12. Re1 Qd6 13. Ne5 Nd5 14. Bd2 c5
15. c4 cxd4 16. Nxg6 hxg6 17. cxd5 Bb7 18. Bc4 Rac8 19. Qb3 a5 20. Bg5 Rc7 21.
Bh4 Qc5 22. Rac1 Bh6 23. d6 Qxd6 24. Bg3 Bf4 25. Bxf4 Qxf4 26. Rcd1 Qf6 27. Bd5
a4 28. Qf3 Qxf3 29. Bxf3 Bxf3 30. gxf3 Rd8 31. Rd2 e6 32. Red1 Rcd7 33. f4 Kg7
34. Kg2 Kf6 35. Kf3 Kf5 36. Rd3 Rd5 37. Rc1 Rh8 38. Kg3 g5 39. Rf3 Rxh3+ 40.
Kxh3 g4+ 41. Kg3 gxf3 42. Kxf3 d3 43. Rd1 d2 44. Ke3 f6 45. Kf3 Rd3+ 46. Ke2
Rd4 47. Ke3 Re4+ 48. Kd3 Kxf4 49. Rxd2 Kf3 50. b3 a3 51. Rc2 f5 52. Rc6 b5 53.
b4 Kxf2 54. Rb6 Re5 0-1

[Event "Saint-Lô Open Yves Coquereau"]
[Site "?"]
[Date "2014.07.12"]
[Round "8.4"]
[White "Tsyhanchuk, Stanislav"]
[Black "Chaplain, Fabrice"]
[Result "1-0"]
[WhiteElo "2382"]
[BlackElo "2088"]
[PlyCount "75"]
[EventDate "2014.07.05"]
[SourceDate "2014.07.06"]

1. Nf3 Nf6 2. c4 g6 3. b4 Bg7 4. Bb2 d6 5. e3 O-O 6. d4 e5 7. Be2 Re8 8. O-O
exd4 9. Nxd4 Nc6 10. a3 Ne4 11. Nxc6 bxc6 12. Bxg7 Kxg7 13. Bf3 Qf6 14. Nd2 Bf5
15. Nb3 Nc3 16. Qd4 Be4 17. Rac1 Bxf3 18. Qxf6+ Kxf6 19. Rxc3 Bg4 20. c5 d5 21.
f3 Bd7 22. Kf2 Re7 23. Rd1 Ke5 24. g4 f5 25. f4+ Kf6 26. g5+ Kg7 27. h4 a6 28.
Rh1 Be8 29. h5 gxh5 30. Nd4 Kg6 31. Rh3 Re4 32. Rc1 a5 33. Rch1 Kg7 34. Nxf5+
Kg6 35. Ng3 Rc4 36. Rxh5 d4 37. Rxh7 dxe3+ 38. Kf3 1-0

[Event "Saint-Lô Open Yves Coquereau"]
[Site "?"]
[Date "2014.07.12"]
[Round "8.5"]
[White "Marimoutou, Loïc"]
[Black "Bourdonnais, Loïc"]
[Result "1/2-1/2"]
[WhiteElo "2081"]
[BlackElo "2222"]
[PlyCount "101"]
[EventDate "2014.07.05"]
[SourceDate "2014.07.06"]

1. e4 g6 2. Nc3 Bg7 3. f4 c6 4. Nf3 d5 5. d3 dxe4 6. dxe4 Qxd1+ 7. Nxd1 Nf6 8.
Nf2 O-O 9. Be2 c5 10. O-O b6 11. Be3 Bb7 12. Nd2 Nc6 13. c3 e5 14. Nc4 exf4 15.
Bxf4 Ba6 16. Rfe1 Nh5 17. Bg5 h6 18. Bh4 g5 19. Bxh5 Bxc4 20. Bg3 Rad8 21. Be2
Be6 22. Red1 Rxd1+ 23. Rxd1 Bxa2 24. Bb5 Na5 25. Rd7 Bc4 26. Ba4 a6 27. Rd6 b5
28. Rxa6 Nb3 29. Bxb3 Bxb3 30. Bd6 Rc8 31. Nd3 c4 32. Nc5 b4 33. Nxb3 bxc3 34.
bxc3 cxb3 35. Rb6 Rxc3 36. e5 Rc1+ 37. Kf2 Rc2+ 38. Kf3 b2 39. Rb5 Kh7 40. h3
h5 41. g4 h4 42. Rb6 Rc3+ 43. Ke4 Rxh3 44. Rxb2 Rg3 45. Kf5 Kh6 46. Rf2 Rb3 47.
Be7 h3 48. Bxg5+ Kh7 49. Bf6 Bf8 50. g5 Rb4 51. Rh2 1/2-1/2

[Event "Saint-Lô Open Yves Coquereau"]
[Site "?"]
[Date "2014.07.12"]
[Round "8.6"]
[White "Leconte, Maria"]
[Black "Ledoux, Jean Luc"]
[Result "0-1"]
[WhiteElo "2221"]
[BlackElo "2047"]
[PlyCount "74"]
[EventDate "2014.07.05"]
[SourceDate "2014.07.06"]

1. e4 c6 2. d4 d5 3. Nc3 dxe4 4. Nxe4 Bf5 5. Ng3 Bg6 6. Nh3 e6 7. Bc4 Nd7 8.
Nf4 Qf6 9. O-O O-O-O 10. Nfh5 Qh4 11. c3 Nb6 12. Be2 Bd6 13. a4 Nf6 14. Nxf6
gxf6 15. a5 Nd5 16. a6 b6 17. Bf3 e5 18. Bxd5 cxd5 19. Qa4 Rd7 20. Qc6+ Kd8 21.
Qa8+ Kc7 22. Qxa7+ Kc6 23. Qxd7+ Kxd7 24. a7 Ra8 25. dxe5 fxe5 26. Rd1 Kc6 27.
b3 Bc2 28. Rd2 Bxb3 29. Rb2 Bc4 30. Nf5 Qg4 31. Ne3 Qe4 32. h3 Kb7 33. Nxc4
Qxc4 34. Be3 d4 35. cxd4 exd4 36. Rc1 Qa4 37. Bg5 Qxa7 0-1

[Event "Saint-Lô Open Yves Coquereau"]
[Site "?"]
[Date "2014.07.12"]
[Round "8.7"]
[White "Ronce, Nathan"]
[Black "Macon, Arthur"]
[Result "0-1"]
[WhiteElo "2006"]
[BlackElo "2154"]
[PlyCount "88"]
[EventDate "2014.07.05"]
[SourceDate "2014.07.06"]

1. d4 Nf6 2. c4 e6 3. Nc3 Bb4 4. e3 O-O 5. Nge2 d5 6. a3 Bd6 7. c5 Be7 8. b4 c6
9. Bd2 Nbd7 10. Ng3 b6 11. Be2 a5 12. O-O Qc7 13. Rc1 axb4 14. axb4 bxc5 15.
bxc5 Ba6 16. Rb1 Rfb8 17. Qc2 Bxe2 18. Ngxe2 e5 19. f3 Nf8 20. f4 exd4 21. exd4
Qa7 22. Qd3 Bd8 23. f5 h6 24. Bf4 Bc7 25. Bxc7 Qxc7 26. Rxb8 Rxb8 27. Rb1 Rxb1+
28. Nxb1 N8h7 29. Nd2 Ng5 30. g3 Qe7 31. h4 Nge4 32. Nf3 Qd7 33. Kg2 Qxf5 34.
Qe3 g5 35. hxg5 hxg5 36. Ne5 Ng4 37. Nxg4 Qxg4 38. Nc1 Qd1 39. Nd3 Qc2+ 40. Kg1
Qd1+ 41. Kg2 Qc2+ 42. Kg1 Qc3 43. g4 Kg7 44. Kh1 Qxd3 0-1